000 01017nam a22002897a 4500
001 BR8800168
003 BR-BrBNA
005 20230928092814.0
007 ta
008 230509b bl.||||| |||| 00| 0 por d
040 _aBR-BrBNA
_bpor
_cBiblioteca Nacional de Agricultura
041 _a(Por)
072 _aQ02
_b8140
090 _ 8140 BR8800168
100 1 _aCosta, N.M.B.
110 1 _aUniversidade Federal de Vicosa, MG (Brasil)
_0Tese (Magister Scientiae)
245 1 _aAvaliacao sensorial e nutricional de macarrao suplementado com concentrado proteico de pescado obtido a partir de traira (Hoplias malabaricus)
260 3 _aVicosa, MG (Brasil):
_c1987.
300 _a55 p.
500 _a22 tables; Bibliography p. 44-49 (63 ref.); Summary (Por). (*) Documento disponível na(o) Universidade Federal de Vicosa, MG (Brazil)
650 _aTRAIRA
650 _aMACARRAO
650 _aSUPLEMENTO ALIMENTAR
650 _aCONCENTRADO PROTEICO
909 _a202309
_bLucia
_c55
_dLucia Elande
942 _cBK
999 _c41298
_d41298